|
|
|
|
| LEADER |
00000nam0a2200000 4500 |
| 001 |
143058 |
| 005 |
20231101221013.0 |
| 020 |
|
|
|a RU
|b 87-77764
|
| 035 |
|
|
|a (RuTPU)RU\TPU\book\155020
|
| 090 |
|
|
|a 143058
|
| 100 |
|
|
|a 20080915d1987 k a0rusy5003 ca
|
| 101 |
0 |
|
|a rus
|
| 102 |
|
|
|a RU
|
| 105 |
|
|
|a y z 000zy
|
| 200 |
1 |
|
|a Избранные труды: статьи, выступления, воспоминания
|f А. Л. Минц
|g Академия наук СССР (АН СССР); под ред. Ю. Б. Кобзарева
|
| 210 |
|
|
|a Москва
|c Наука
|d 1987
|
| 215 |
|
|
|a с. 240.
|c ил.
|
| 600 |
|
1 |
|a Минц
|b А. Л.
|c российский радиотехник
|c академик АН СССР
|f 1894/1895-1974
|g Александр Львович
|2 stltpush
|3 (RuTPU)RU\TPU\pers\12576
|9 3553
|
| 610 |
1 |
|
|a радиотехника
|
| 610 |
1 |
|
|a ускорители заряженных частиц
|
| 610 |
1 |
|
|a статьи
|
| 610 |
1 |
|
|a выступления
|
| 610 |
1 |
|
|a воспоминания
|
| 610 |
1 |
|
|a избранные труды
|
| 675 |
|
|
|a 621.396
|v 3
|
| 675 |
|
|
|a 621.384.6
|v 3
|
| 700 |
|
1 |
|a Минц
|b А. Л.
|g Александр Львович
|4 070
|
| 702 |
|
1 |
|a Кобзарев
|b Ю. Б.
|g Юрий Борисович
|4 340
|
| 712 |
0 |
2 |
|a Академия наук СССР (АН СССР)
|2 stltpush
|3 (RuTPU)RU\TPU\col\722
|
| 801 |
|
0 |
|a RU
|b RuMRKP
|c 19950417
|g psbo
|
| 801 |
|
1 |
|a RU
|b 63413507
|c 20080915
|g PSBO
|
| 801 |
|
2 |
|a RU
|b 63413507
|c 20081208
|g PSBO
|
| 942 |
|
|
|c BK
|